[Event "EU Small Countries blitz op 8th"]
[Site "St Helier"]
[Date "2023.11.02"]
[Round "8"]
[White "Apol, Luitjen Akselsson"]
[Black "Heron, Andrew"]
[Result "1-0"]
[WhiteElo "2031"]
[BlackElo "1769"]
[PlyCount "57"]
[EventDate "2023.11.02"]
[EventType "swiss (blitz)"]
[EventRounds "11"]
[EventCountry "GCI"]
[SourceTitle "CB46_2023"]
[SourceDate "2023.11.15"]
[SourceVersion "1"]
[SourceVersionDate "2023.11.15"]
[SourceQuality "1"]

1. e4 c5 2. Nf3 d6 3. d4 cxd4 4. Nxd4 Nf6 5. Nc3 a6 6. Bg5 e6 7. f4 Be7 8. Qf3 Qc7 9. 0-0-0 Nc6 10. Nb3 h6 11. Bh4 b5 12. e5 dxe5 13. fxe5 Nd7 14. Bxe7 Kxe7 15. Be2 Bb7 16. Rhf1 Ndxe5 17. Qg3 g5 18. h4 Rad8 19. hxg5 Nd3+ 20. Rxd3 Qxg3 21. Rxg3 hxg5 22. Nc5 Bc8 23. Rxg5 Nd4 24. Bd3 Nf5 25. Bxf5 exf5 26. Rg3 Rh5 27. Re3+ Kf6 28. g4 Rg5 29. N3e4+ 1-0

[Event "EU Small Countries blitz op 8th"]
[Site "St Helier"]
[Date "2023.11.02"]
[Round "5"]
[White "Heron, Andrew"]
[Black "Nielsen, Jon I Horni"]
[Result "0-1"]
[WhiteElo "1769"]
[BlackElo "1963"]
[PlyCount "74"]
[EventDate "2023.11.02"]
[EventType "swiss (blitz)"]
[EventRounds "11"]
[EventCountry "GCI"]
[SourceTitle "CB46_2023"]
[SourceDate "2023.11.15"]
[SourceVersion "1"]
[SourceVersionDate "2023.11.15"]
[SourceQuality "1"]

1. e4 e5 2. Nf3 Nc6 3. Bc4 Bc5 4. b4 Bxb4 5. c3 Ba5 6. d4 exd4 7. 0-0 Nge7 8. Ng5 Ne5 9. Bb3 d5 10. cxd4 N5g6 11. exd5 h6 12. Nxf7 Kxf7 13. d6+ Ke8 14. dxe7 Qxe7 15. Qh5 Qf6 16. Qxa5 b6 17. Qh5 Bf5 18. Nc3 Kd8 19. Nd5 Qf8 20. Ba3 Qxa3 21. Qxf5 Qd6 22. Rac1 Rf8 23. Qe4 c6 24. Ne3 Rc8 25. Be6 Rc7 26. Qxg6 Rf6 27. Qxg7 Rxg7 28. Nf5 Rxf5 29. Bxf5 Qd5 30. Bh3 Qh5 31. Kh1 Qd5 32. f3 Kc7 33. Rfd1 Rg6 34. Re1 Kd8 35. Re4 Qxa2 36. Rce1 b5 37. Re8+ Kc7 0-1

[Event "EU Small Countries blitz op 8th"]
[Site "St Helier"]
[Date "2023.11.02"]
[Round "1"]
[White "Heron, Andrew"]
[Black "Ribera Veganzones, Josep Maria"]
[Result "1/2-1/2"]
[WhiteElo "1769"]
[BlackElo "2041"]
[PlyCount "93"]
[EventDate "2023.11.02"]
[EventType "swiss (blitz)"]
[EventRounds "11"]
[EventCountry "GCI"]
[SourceTitle "CB46_2023"]
[SourceDate "2023.11.15"]
[SourceVersion "1"]
[SourceVersionDate "2023.11.15"]
[SourceQuality "1"]

1. e4 c5 2. Nf3 d6 3. d4 cxd4 4. Qxd4 Nc6 5. Bb5 Bd7 6. Qd3 Nf6 7. c4 g6 8. Nc3 Bg7 9. 0-0 0-0 10. h3 Rc8 11. Be3 a6 12. Bxc6 Bxc6 13. Rac1 Qa5 14. Rfd1 Nd7 15. Nd4 Ne5 16. Qe2 Bd7 17. b3 Nc6 18. Nxc6 Bxc6 19. Nd5 Bxd5 20. exd5 Bf6 21. Bd4 Bxd4 22. Rxd4 Rc7 23. Re4 b5 24. Rxe7 Rxe7 25. Qxe7 Qxa2 26. Qxd6 Qxb3 27. cxb5 axb5 28. Qc5 b4 29. d6 Qa4 30. d7 Qxd7 31. Qxb4 Qe6 32. Qc4 Qxc4 33. Rxc4 Kg7 34. Kh2 Ra8 35. g4 Ra3 36. Kg2 h6 37. Rc6 Rb3 38. f3 Rb5 39. Kg3 h5 40. Ra6 hxg4 41. hxg4 Rc5 42. Rb6 Kh6 43. Ra6 Rc4 44. Rf6 Kg7 45. Ra6 Rb4 46. Rc6 Ra4 47. Rb6 1/2-1/2

[Event "EU Small Countries blitz op 8th"]
[Site "St Helier"]
[Date "2023.11.02"]
[Round "9"]
[White "Heron, Andrew"]
[Black "Van Hoolandt, Patrick"]
[Result "1-0"]
[WhiteElo "1769"]
[BlackElo "1923"]
[PlyCount "51"]
[EventDate "2023.11.02"]
[EventType "swiss (blitz)"]
[EventRounds "11"]
[EventCountry "GCI"]
[SourceTitle "CB46_2023"]
[SourceDate "2023.11.15"]
[SourceVersion "1"]
[SourceVersionDate "2023.11.15"]
[SourceQuality "1"]

1. e4 e5 2. Nc3 Nf6 3. f4 d5 4. fxe5 Nxe4 5. d4 Bb4 6. Nge2 c5 7. a3 cxd4 8. Qxd4 Nc6 9. Qe3 Ba5 10. b4 Bb6 11. Qf3 Nxe5 12. Qf4 Ng6 13. Qf3 Bf2+ 14. Kd1 Nxc3+ 15. Nxc3 Bd4 16. Bb5+ Kf8 17. Bb2 Ne5 18. Qf4 Bg4+ 19. Kc1 Bxc3 20. Bxc3 Ng6 21. Qxg4 Qb6 22. Bd3 Re8 23. Kb2 h5 24. Qd4 f6 25. Qxb6 axb6 26. Bxg6 1-0

[Event "EU Small Countries ol 8th"]
[Site "St Helier"]
[Date "2023.11.01"]
[Round "6.4"]
[White "Bourg, Nicolas"]
[Black "Heron, Andrew"]
[Result "1/2-1/2"]
[WhiteElo "2053"]
[BlackElo "1882"]
[PlyCount "79"]
[EventDate "2023.10.29"]
[EventType "team-tourn"]
[EventRounds "9"]
[EventCountry "GCI"]
[SourceTitle "Mega2024 Update 01"]
[Source "Chessbase"]
[SourceDate "2023.11.12"]
[SourceVersion "1"]
[SourceVersionDate "2023.11.12"]
[SourceQuality "1"]
[WhiteTeam "Luxembourg"]
[BlackTeam "Liechtenstein"]
[WhiteTeamCountry "LUX"]
[BlackTeamCountry "LIE"]

1. e4 c5 2. Nf3 d6 3. d4 cxd4 4. Qxd4 Nc6 5. Bb5 Bd7 6. Bxc6 Bxc6 7. Nc3 Nf6 8. Bg5 e6 9. 0-0-0 Be7 10. Rhe1 0-0 11. Qd2 Rc8 12. Kb1 Qc7 13. Nd4 d5 14. exd5 Nxd5 15. Nxd5 Bxd5 16. Bxe7 Qxe7 17. Re3 Qf6 18. Nf3 Rfd8 19. Rd3 h6 20. Ng1 Rd6 21. Nh3 Rb6 22. b3 Rbc6 23. f3 b5 24. Nf2 a5 25. Ng4 Qe7 26. Ne3 a4 27. Nxd5 exd5 28. Rxd5 Rxc2 29. Qxc2 Rxc2 30. Kxc2 Qa3 31. Kb1 axb3 32. Rd8+ Kh7 33. R1d2 b4 34. axb3 Qxb3+ 35. Rb2 Qe6 36. Rb8 Qf5+ 37. Ka2 Qd5+ 38. Kb1 Qd1+ 39. Ka2 Qa4+ 40. Kb1 1/2-1/2

[Event "EU Small Countries ol 8th"]
[Site "St Helier"]
[Date "2023.10.31"]
[Round "4.4"]
[White "Forbes, Garry"]
[Black "Heron, Andrew"]
[Result "1/2-1/2"]
[WhiteElo "1834"]
[BlackElo "1882"]
[PlyCount "65"]
[EventDate "2023.10.29"]
[EventType "team-tourn"]
[EventRounds "9"]
[EventCountry "GCI"]
[SourceTitle "Mega2024 Update 01"]
[Source "Chessbase"]
[SourceDate "2023.11.12"]
[SourceVersion "1"]
[SourceVersionDate "2023.11.12"]
[SourceQuality "1"]
[WhiteTeam "Jersey"]
[BlackTeam "Liechtenstein"]
[WhiteTeamCountry "GCI"]
[BlackTeamCountry "LIE"]

1. g3 g6 2. Bg2 Bg7 3. c4 e5 4. e4 d6 5. Nc3 c5 6. d3 Ne7 7. Nge2 Nbc6 8. 0-0 0-0 9. Rb1 Kh8 10. a3 f5 11. b4 Rb8 12. b5 Nd4 13. a4 fxe4 14. dxe4 Bg4 15. Qd3 Bf3 16. Bg5 Qd7 17. Bxe7 Qxe7 18. Nxd4 exd4 19. Nd5 Qf7 20. Rb3 Bg4 21. Rbb1 b6 22. Ra1 Be6 23. a5 Bxd5 24. exd5 Ra8 25. Ra2 a6 26. axb6 axb5 27. Rxa8 Rxa8 28. cxb5 Qb7 29. f4 Re8 30. Be4 Qxb6 31. Rc1 Rb8 32. Rb1 Qa5 33. f5 1/2-1/2

[Event "Lugano Paradiso op"]
[Site "Lugano"]
[Date "2023.05.27"]
[Round "2"]
[White "Capata, Ion"]
[Black "Heron, Andrew"]
[Result "1/2-1/2"]
[WhiteElo "2047"]
[BlackElo "1686"]
[PlyCount "216"]
[EventDate "2023.05.26"]
[EventType "swiss"]
[EventRounds "5"]
[EventCountry "SUI"]
[SourceTitle "CBM 214 Extra"]
[Source "ChessBase"]
[SourceDate "2023.07.31"]
[SourceVersion "1"]
[SourceVersionDate "2023.07.31"]
[SourceQuality "1"]

1. d4 Nf6 2. c4 g6 3. Nc3 d5 4. cxd5 Nxd5 5. e4 Nxc3 6. bxc3 Bg7 7. Nf3 c5 8. Bb5+ Bd7 9. Qa4 0-0 10. Bxd7 Nxd7 11. 0-0 Nb6 12. Qd1 Rc8 13. Rb1 Qd7 14. dxc5 Qxd1 15. Rxd1 Rxc5 16. Be3 Rxc3 17. Bxb6 axb6 18. Rxb6 Rc7 19. h3 e6 20. Rdb1 Rc2 21. a4 Ra2 22. R1b4 Ra8 23. Rxb7 R2xa4 24. Rb8+ Rxb8 25. Rxb8+ Bf8 26. e5 Ra7 27. Ng5 Kg7 28. Nxh7 Be7 29. Nf6 Bxf6 30. exf6+ Kxf6 31. g3 e5 32. Kg2 Ra4 33. Rb5 Rc4 34. h4 Ra4 35. Kh3 Ra2 36. Kg2 Ra4 37. Rb3 Rc4 38. Kh3 Rc2 39. f3 Rc4 40. g4 Ra4 41. Kg3 Rc4 42. g5+ Ke6 43. Rb6+ Ke7 44. Ra6 Rd4 45. Ra8 Rd3 46. Ra4 Ke6 47. Kf2 Rd4 48. Ra6+ Ke7 49. Kg3 Rd3 50. Ra4 Ke6 51. Ra8 Ke7 52. Kf2 Rd4 53. Rh8 Ra4 54. Ke3 Rb4 55. Rh7 Ke6 56. Rh8 Ke7 57. Rh6 Ke6 58. Rh7 Rb3+ 59. Kf2 Rb2+ 60. Kg3 Rb3 61. Rh8 Ke7 62. Kf2 Rb4 63. Ke3 Ke6 64. Rh7 Rb3+ 65. Kf2 Rb2+ 66. Kg3 Rb3 67. Rh8 Ke7 68. Kg2 Rb2+ 69. Kh3 Rb3 70. Kg4 Rb4+ 71. Kg3 Rb3 72. Kf2 Rb4 73. h5 gxh5 74. Rxh5 Ke6 75. Rh7 Rf4 76. Kg3 Rf5 77. Rg7 f6 78. g6 Rg5+ 79. Kf2 Kf5 80. Ke3 Rxg6 81. Rh7 Rg1 82. Rh5+ Ke6 83. Rh8 Ra1 84. Rh5 Ra3+ 85. Kf2 f5 86. Rh8 Kf6 87. Rg8 Ra7 88. Ke3 Rg7 89. Rf8+ Kg5 90. Re8 Kf6 91. Rf8+ Rf7 92. Ra8 Rd7 93. Rf8+ Ke6 94. Re8+ Kd5 95. Ra8 f4+ 96. Ke2 Rc7 97. Rd8+ Kc4 98. Re8 Rc5 99. Ra8 Kd4 100. Ra2 Rc3 101. Rd2+ Kc4 102. Rd8 Re3+ 103. Kf2 Kc3 104. Rd5 Kc4 105. Ra5 Kb3 106. Ra8 Kc2 107. Ra2+ Kb1 108. Ra5 Kc2 1/2-1/2

[Event "EU Union-ch U14 18th"]
[Site "Mureck"]
[Date "2021.08.12"]
[Round "9"]
[White "Poley, Maksim"]
[Black "Heron, Andrew"]
[Result "1-0"]
[WhiteElo "1240"]
[BlackElo "1555"]
[PlyCount "49"]
[EventDate "2021.08.04"]
[EventType "swiss"]
[EventRounds "9"]
[EventCountry "AUT"]
[SourceTitle "EXT 2022"]
[Source "ChessBase"]
[SourceDate "2021.10.06"]
[SourceVersion "1"]
[SourceVersionDate "2021.10.06"]
[SourceQuality "1"]

1. Nf3 Nf6 2. d4 g6 3. Bf4 Bg7 4. Nc3 d6 5. e4 Nbd7 6. Qd2 0-0 7. 0-0-0 b6 8. Bd3 Bb7 9. h4 h5 10. Bh6 e5 11. Bxg7 Kxg7 12. dxe5 Nxe5 13. Nxe5 dxe5 14. f3 Qd7 15. Qg5 Qe6 16. g4 Rh8 17. Rdg1 a6 18. Ne2 Rh7 19. Ng3 Rah8 20. gxh5 Nxh5 21. Nf5+ Kf8 22. Qd8+ Qe8 23. Qxc7 Bc6 24. Qd6+ Kg8 25. Ne7+ 1-0

[Event "EU Union-ch U14 18th"]
[Site "Mureck"]
[Date "2021.08.08"]
[Round "5"]
[White "Bruessow, Nina"]
[Black "Heron, Andrew"]
[Result "1/2-1/2"]
[WhiteElo "1535"]
[BlackElo "1555"]
[PlyCount "75"]
[EventDate "2021.08.04"]
[EventType "swiss"]
[EventRounds "9"]
[EventCountry "AUT"]
[SourceTitle "EXT 2022"]
[Source "ChessBase"]
[SourceDate "2021.10.06"]
[SourceVersion "1"]
[SourceVersionDate "2021.10.06"]
[SourceQuality "1"]

1. e4 c5 2. Nf3 d6 3. d4 cxd4 4. Nxd4 Nf6 5. Nc3 a6 6. Be3 e5 7. Nb3 Be7 8. f3 Be6 9. Qd2 h5 10. Nd5 Nxd5 11. exd5 Bf5 12. Bd3 Bxd3 13. Qxd3 Bg5 14. 0-0-0 Nd7 15. Kb1 0-0 16. Rhg1 Rc8 17. g4 h4 18. Rdf1 Qf6 19. Nd2 Bxe3 20. Qxe3 Qg6 21. Ne4 Nc5 22. g5 Rc7 23. h3 Rfc8 24. c3 b5 25. Ka1 Nxe4 26. fxe4 Rc4 27. Rg4 b4 28. cxb4 Rd4 29. a3 Rc2 30. Rf6 gxf6 31. gxf6 Rg2 32. Rxg6+ Rxg6 33. Qf3 Rd2 34. Qf5 Rgg2 35. Qc8+ Kh7 36. Qf8 Rxb2 37. Qxf7+ Kh6 38. Qf8+ 1/2-1/2

[Event "EU Union-ch U12 17th"]
[Site "Mureck"]
[Date "2019.08.08"]
[Round "9"]
[White "Komora, Matej"]
[Black "Heron, Andrew"]
[Result "1-0"]
[WhiteElo "1237"]
[BlackElo "945"]
[PlyCount "83"]
[EventDate "2019.07.31"]
[EventType "swiss"]
[EventRounds "9"]
[EventCountry "AUT"]
[SourceTitle "EXT 2020"]
[Source "ChessBase"]
[SourceDate "2019.10.17"]
[SourceVersion "1"]
[SourceVersionDate "2019.10.17"]
[SourceQuality "1"]

1. e4 c5 2. Nf3 d6 3. d4 cxd4 4. Nxd4 Nf6 5. Nc3 a6 6. f3 e5 7. Nb3 Be7 8. Be3 Be6 9. Qd2 h5 10. Be2 Nc6 11. Nd5 0-0 12. 0-0-0 b5 13. Nxe7+ Nxe7 14. Qxd6 Qxd6 15. Rxd6 Bxb3 16. axb3 Ng6 17. g3 Rfb8 18. Rhd1 a5 19. Rb6 Rxb6 20. Bxb6 a4 21. bxa4 bxa4 22. Rd8+ Rxd8 23. Bxd8 Nd7 24. Bb5 Nc5 25. Bb6 a3 26. bxa3 Nb7 27. a4 Ne7 28. a5 Nc8 29. Ba6 Nbd6 30. Bxc8 Nxc8 31. Kb2 Kf8 32. Kb3 Ke8 33. Kb4 Kd7 34. c4 Kc6 35. c5 Nxb6 36. cxb6 Kb7 37. Kb5 Kb8 38. Kc6 Ka8 39. b7+ Kb8 40. Kb6 g5 41. a6 f5 42. a7# 1-0

[Event "EU Union-ch U12 17th"]
[Site "Mureck"]
[Date "2019.08.06"]
[Round "7"]
[White "Heron, Andrew"]
[Black "Todorova, Daniela"]
[Result "1-0"]
[WhiteElo "945"]
[BlackElo "1095"]
[PlyCount "101"]
[EventDate "2019.07.31"]
[EventType "swiss"]
[EventRounds "9"]
[EventCountry "AUT"]
[SourceTitle "EXT 2020"]
[Source "ChessBase"]
[SourceDate "2019.10.17"]
[SourceVersion "1"]
[SourceVersionDate "2019.10.17"]
[SourceQuality "1"]

1. e4 e5 2. Nf3 Nc6 3. Bb5 Nge7 4. Nc3 d5 5. exd5 Nxd5 6. Nxe5 Qd6 7. Qe2 Be6 8. Nxd5 Qxd5 9. Nf3 Be7 10. 0-0 0-0 11. Bxc6 Qxc6 12. Nd4 Qd6 13. Nxe6 fxe6 14. d3 Rf7 15. Bd2 Raf8 16. Be3 c6 17. Qg4 Bd8 18. Qd4 Qb8 19. Qxa7 Qe5 20. Qd4 Qxd4 21. Bxd4 Bf6 22. Bxf6 Rxf6 23. Rae1 h6 24. Re4 b5 25. a4 bxa4 26. Rxa4 c5 27. f3 Rf4 28. Re4 Rxe4 29. fxe4 Rxf1+ 30. Kxf1 e5 31. Kf2 Kf7 32. Ke3 Ke6 33. c3 Kd6 34. d4 g5 35. g4 cxd4+ 36. cxd4 exd4+ 37. Kxd4 Ke6 38. e5 Kf7 39. Kd5 Kg6 40. h3 h5 41. b4 hxg4 42. hxg4 Kf7 43. b5 Ke7 44. e6 Kd8 45. Kd6 Ke8 46. e7 Kf7 47. Kd7 Kg6 48. e8Q+ Kg7 49. Ke6 Kh7 50. Kf6 Kh6 51. Qh5# 1-0

[Event "EU Union-ch U12 17th"]
[Site "Mureck"]
[Date "2019.08.05"]
[Round "6"]
[White "Bruessow, Nina"]
[Black "Heron, Andrew"]
[Result "1/2-1/2"]
[WhiteElo "1283"]
[BlackElo "945"]
[PlyCount "62"]
[EventDate "2019.07.31"]
[EventType "swiss"]
[EventRounds "9"]
[EventCountry "AUT"]
[SourceTitle "EXT 2020"]
[Source "ChessBase"]
[SourceDate "2019.10.17"]
[SourceVersion "1"]
[SourceVersionDate "2019.10.17"]
[SourceQuality "1"]

1. e4 c5 2. Nf3 d6 3. d4 cxd4 4. Nxd4 Nf6 5. Nc3 a6 6. Be3 e5 7. Nb3 Be7 8. f3 Be6 9. Qd2 h5 10. 0-0-0 Nbd7 11. h3 b5 12. Be2 h4 13. Nd5 Nxd5 14. exd5 Bf5 15. Na5 Rc8 16. Nc6 Qc7 17. Bd3 Bxd3 18. Qxd3 Bf6 19. Rhe1 0-0 20. f4 Rfe8 21. fxe5 Nxe5 22. Nxe5 Bxe5 23. Kb1 Qc4 24. Bf2 Qxd3 25. Rxd3 Bf6 26. Kc1 Rxe1+ 27. Bxe1 Re8 28. Bb4 Be5 29. Kd1 Rc8 30. b3 g5 31. Re3 f5 1/2-1/2

[Event "EU Union-ch U12 17th"]
[Site "Mureck"]
[Date "2019.07.31"]
[Round "1"]
[White "Ulrich, Helena Irene"]
[Black "Heron, Andrew"]
[Result "1-0"]
[WhiteElo "1404"]
[BlackElo "945"]
[PlyCount "107"]
[EventDate "2019.07.31"]
[EventType "swiss"]
[EventRounds "9"]
[EventCountry "AUT"]
[SourceTitle "EXT 2020"]
[Source "ChessBase"]
[SourceDate "2019.10.17"]
[SourceVersion "1"]
[SourceVersionDate "2019.10.17"]
[SourceQuality "1"]

1. e4 c5 2. Nf3 d6 3. d4 cxd4 4. Nxd4 Nf6 5. Nc3 a6 6. Be3 e5 7. Nb3 Be6 8. Qd2 Be7 9. f3 Nc6 10. 0-0-0 0-0 11. g4 h5 12. gxh5 Nxh5 13. Kb1 b5 14. Rg1 Bf6 15. Qxd6 Qxd6 16. Rxd6 Ne7 17. Be2 Nf4 18. Nc5 Neg6 19. Nxe6 Nxe6 20. Nd5 Bh4 21. Rxg6 fxg6 22. Rxe6 Kf7 23. Rxe5 Rh8 24. c4 Rae8 25. Rxe8 Rxe8 26. cxb5 axb5 27. Bxb5 Rc8 28. a4 g5 29. a5 g4 30. f4 Bd8 31. a6 Ke6 32. a7 Kd6 33. Ba6 g3 34. hxg3 Ra8 35. Bb7 Rxa7 36. Bxa7 g5 37. e5+ Ke6 38. Kc2 gxf4 39. gxf4 Bh4 40. Kd3 Kf5 41. Bc8+ Kg6 42. b4 Kf7 43. b5 Ke8 44. b6 Bf2 45. Ne3 Bxe3 46. Kxe3 Ke7 47. b7 Ke8 48. b8Q Ke7 49. Qd6+ Ke8 50. Qd7+ Kf8 51. Bc5+ Kg8 52. Qe7 Kh8 53. Bf5 Kg8 54. Qh7# 1-0